| 000 | 00509nam a2200181Ia 4500 | ||
|---|---|---|---|
| 001 | 8992 | ||
| 005 | 20260306160650.0 | ||
| 008 | 260306t1976||||xx |||||||||||||| ||spa|| | ||
| 041 | _aESP | ||
| 082 |
_a372.21 _bM61O |
||
| 110 | _aMinisterio de Educación. DIGEBREI. Dirección de Educación Inicial | ||
| 245 | 0 | _aOrientaciones pedagógicas para actividades de estimulación temprana | |
| 260 | _c1976 | ||
| 300 |
_a147 páginas : _c15 cm. |
||
| 650 | _aGEN | ||
| 654 | _aCED | ||
| 942 |
_cLIB _dJUS _fJUS _2ddc _n |
||
| 999 |
_c8992 _d8992 |
||